Chế tạo PLC microcontroller : Đề tài nghiên cứu khoa học
Nội dung đề tài tạo cơ sở khoa học để sản xuất PLC giá rẽ đáp ứng yêu cầu tự động hoá trong nước. Với mục đích sử dụng các hệ thống điều khiển vừa và nhỏ. Cung cấp thiết bị và tài liệu cho đào tạo chuyên ngành Điện - Điện tử - Vie...
Spremljeno u:
| Glavni autor: | |
|---|---|
| Format: | Knjiga |
| Jezik: | Undetermined |
| Izdano: |
Cần Thơ
Trường Đại học Cần Thơ
2003
|
| Teme: | |
| Oznake: |
Dodaj oznaku
Bez oznaka, Budi prvi tko označuje ovaj zapis!
|
| Thư viện lưu trữ: | Trung tâm Học liệu Trường Đại học Cần Thơ |
|---|
| LEADER | 01224nam a2200217Ia 4500 | ||
|---|---|---|---|
| 001 | CTU_205199 | ||
| 008 | 210402s9999 xx 000 0 und d | ||
| 082 | |a 621.398 | ||
| 082 | |b M312 | ||
| 100 | |a Đoàn, Hòa Minh | ||
| 245 | 0 | |a Chế tạo PLC microcontroller : | |
| 245 | 0 | |b Đề tài nghiên cứu khoa học | |
| 245 | 0 | |c Đoàn Hòa Minh | |
| 260 | |a Cần Thơ | ||
| 260 | |b Trường Đại học Cần Thơ | ||
| 260 | |c 2003 | ||
| 520 | |a Nội dung đề tài tạo cơ sở khoa học để sản xuất PLC giá rẽ đáp ứng yêu cầu tự động hoá trong nước. Với mục đích sử dụng các hệ thống điều khiển vừa và nhỏ. Cung cấp thiết bị và tài liệu cho đào tạo chuyên ngành Điện - Điện tử - Viễn thông và Điều khiển tự động. | ||
| 650 | |a Microcontrollers,Bộ Vi xử lý,Vi điều khiển,Microprocessors | ||
| 650 | |x Design and construction,Thiết kế và cấu trúc,Thiết kế và cấu trúc,Design and construction | ||
| 904 | |i Qhieu | ||
| 980 | |a Trung tâm Học liệu Trường Đại học Cần Thơ | ||